01002nas a2200397 4500000000100000008004100001260000900042653002300051653001600074653001800090653002300108653002400131653002000155653001100175653003000186653003400216653002600250653003700276653002700313653001200340653001500352653002600367653001600393653001600409653001400425653001600439653002000455653003100475653001300506653001400519100001700533245002100550300001200571490000700583022001400590 1969 d c196910aAgammaglobulinemia10aCandidiasis10aCell Movement10aDeoxyribonucleases10aDermatitis, Contact10aHodgkin Disease10aHumans10aHypersensitivity, Delayed10aImmunity, Maternally-Acquired10aImmunization, Passive10aImmunologic Deficiency Syndromes10aKidney Transplantation10aleprosy10aLeukocytes10aLymphocyte Activation10aLymphocytes10aMacrophages10aNeoplasms10aSarcoidosis10aTissue Extracts10aTransplantation Immunology10aVaccinia10aVibration1 aLawrence H S00aTransfer factor. a195-2660 v11 a0065-2776